000
00319nam a22001337a 4500
008
170829b xxu||||| |||| 00| 0 eng d
020
_a
2900073385005
041
_a
eng
080
_2
7TH
_a
070
100
_a
39
101
_a
MED
245
_a
COMMUNICATING IN GROUPS APPLICATIONS AND SKILLS
_c
ADAMS,K
942
_2
udc
_c
BK
999
_c
25431
_d
25431